00720nam a22001937a 450000500170000002000250001703700250004210000240006724501190009126000440021027000410025430000290029549000270032470000240035170000230037594200170039899900170041595200940043220111212142221.0 a9788121938297c99.00 bS. Chand Publishing  aLade, Roger 936841 aThe most excellent book of how to be a puppeteer /cby Roger Lade; edited by Katie Roden; illustrated by Rob Shone aNew Delhi bS. Chand Publishing c2011 a7361, Ram Nagar bNew Delhi e110055 a32p. bill. c24cm(pbk)  aMost excellent 936842 aRoden, Katie936843 a Shone, Rob936844 2ddccCHmLAD c59300d59300 00104070aAGbAGd2011-12-12g99.00l0oLADr2011-12-12 00:00:00v99.00w2011-12-12yCH